RAVEN (Registro nro. 5753)

Detalles MARC
000 -CABECERA
campo de control de longitud fija 01093nom a2200253 i 4500
001 - NÚMERO DE CONTROL
campo de control Rebiun29650119
003 - IDENTIFICADOR DEL NÚMERO DE CONTROL
campo de control AR-RoIUNI
005 - FECHA Y HORA DE LA ÚLTIMA TRANSACCIÓN
campo de control 20231018130239.0
008 - DATOS DE LONGITUD FIJA--INFORMACIÓN GENERAL
campo de control de longitud fija 211112s2011 sp r r|||||spa d
020 ## - NÚMERO INTERNACIONAL ESTÁNDAR DEL LIBRO
Número Internacional Estándar del Libro 9788493854331
040 ## - FUENTE DE LA CATALOGACIÓN
Centro catalogador/agencia de origen UEMC
Centro/agencia transcriptor AR-RoIUNI
080 ## - NÚMERO DE LA CLASIFICACIÓN DECIMAL UNIVERSAL
Número de la Clasificación Decimal Universal 159.9.072
100 1# - ENTRADA PRINCIPAL--NOMBRE DE PERSONA
Nombre de persona Raven, J. C.
245 10 - MENCIÓN DE TÍTULO
Título RAVEN
Resto del título : [test de] matrices progresivas : escalas color (CPM), general (SPM), superior (APM) /
Mención de responsabilidad, etc. J.C. Raven, J.H. Court y J. Raven
260 ## - PUBLICACIÓN, DISTRIBUCIÓN, ETC. (PIE DE IMPRENTA)
Lugar de publicación, distribución, etc. Alemania [etc.] :
Nombre del editor, distribuidor, etc. PsychCorp,
Fecha de publicación, distribución, etc. [2011]
300 ## - DESCRIPCIÓN FÍSICA
Extensión 1 carpeta (5 libros + 2 tipos de hojas de test ;
Dimensiones 30 cm
505 ## - NOTA DE CONTENIDO CON FORMATO
Nota de contenido con formato Contiene: Raven: manual ; libro Raven Standar Progressive Matrices SMP; libro Raven Coloured Progressive Matrices CMP; libro Raven Advanced Progressive Matrices Set I APM; libro Raven Advanced Progressive Matrices Set II APM; RAVEN hojas de test SPM escala general y RAVEN hojas de test CPM y APM escalas de color y superior
650 #0 - PUNTO DE ACCESO ADICIONAL DE MATERIA--TÉRMINO DE MATERIA
Término de materia o nombre geográfico como elemento inicial Tests psicol�ogicos
650 #0 - PUNTO DE ACCESO ADICIONAL DE MATERIA--TÉRMINO DE MATERIA
Término de materia o nombre geográfico como elemento inicial Inteligencia
650 #0 - PUNTO DE ACCESO ADICIONAL DE MATERIA--TÉRMINO DE MATERIA
Término de materia o nombre geográfico como elemento inicial Inteligencia
700 ## - PUNTO DE ACCESO ADICIONAL--NOMBRE DE PERSONA
Nombre de persona Raven, J.
700 ## - PUNTO DE ACCESO ADICIONAL--NOMBRE DE PERSONA
Nombre de persona Court, J. H.
942 ## - ELEMENTOS DE PUNTO DE ACCESO ADICIONAL (KOHA)
Fuente del sistema de clasificación o colocación Clasificación Decimal Universal
Tipo de ítem Koha Material variado
Existencias
Estado de retiro Estado de pérdida Fuente del sistema de clasificación o colocación Estado dañado Excepción de préstamo Localización permanente Ubicación/localización actual Ubicación en estantería Fecha de adquisición Número de inventario Total de préstamos Signatura topográfica completa Código de barras Fecha visto por última vez Precio válido a partir de Tipo de ítem Koha
    Clasificación Decimal Universal     BIBLIOTECA RIOBAMBA BIBLIOTECA RIOBAMBA BIBLIOTECA RIOBAMBA 18/10/2023 8030   159.9.072 RAV 8030 18/10/2023 18/10/2023 Material variado
    Clasificación Decimal Universal     BIBLIOTECA RIOBAMBA BIBLIOTECA RIOBAMBA BIBLIOTECA RIOBAMBA 18/10/2023 8031   159.9.072 RAV 8031 18/10/2023 18/10/2023 Material variado
    Clasificación Decimal Universal     BIBLIOTECA RIOBAMBA BIBLIOTECA RIOBAMBA BIBLIOTECA RIOBAMBA 18/10/2023 8032   159.9.072 RAV 8032 18/10/2023 18/10/2023 Material variado